000 00205 a2200097 4500
001 35151
100 _aA R E
245 _aGen Akhtar Abdur Rehman
260 _aLahore
_bJang Pub
_c
090 _c23295
_d23295
942 _aNUST-CAE
_cM
_c14775
999 _c270224
_d270224